Представление документа в формате RUSMARC

ПолеНазваниеЗначение
  Тип записи c
  Библиографический уровень m
001 Контрольный номер RU/УОНБ/EK_N/359735066
005 Дата корректировки 20251210121953.8
010 Индекс ISBN __
9 Тираж 7260 экз.
013 Номер (ISMN) __
d Цена 80 к.
071 Издательские номер (звукозапись и ноты) 21
a Номер, присвоенный агентством 8660
100 Данные общей обработки __
a Данные общей обработки 20110512g1989 u y0rusy0189||||ca
101 Язык документа 0_
a Язык текста rus
f Язык титульного листа rus
102 Страна публикации __
a Страна публикации RU
105 Кодированные данные (монография) __
a Кодированные данные (монография) y###||||000|y
125 Кодированные данные звукозаписи и нотных изданий __
a Форма изложения нотного текста с|
128 Кодированные данные (звукозаписи-физические характеристики) __
a Кодированные данные: Музыкальная форма и тональность или лад zz
c Инструменты или голоса, рекомендуемые для солистов (устаревшее) kt||
200 Заглавие и сведения об ответственности 1_
a Заглавие Вып. 20
f Первые сведения об ответственности сост. Н. Комиссаров
210 Выходные данные 1_
d Дата издания 1989
215 Физическое описание __
a Объем 48 c.
327 Примечание о содержании 11
a Примечание о содержании Содерж. : Щедрин Р. Скерцино из балета "Конек-Горбунок". - Караев К. Прелюдия № 3. - Ключарев А. Леший. - Кузнецов Е. Концертный экспромт. - Мотов Э. Интермеццо. - Чайковский П. Листок из альбома. - Мендельсон Ф. Прялка : песня без слов. - Ой, со вечёра, с полуночи : рус. нар. песня / обраб. А. Мулина. - За окном черёмуха колышется : рус. нар. песня / обраб. Н. Канаева. - Ой, лопнув обруч : укр. нар. песня / обраб. В. Иванова.
461 Уровень набора _0
1 001RU/УОНБ/EK_N/358516066
1 200
a Баян в музыкальном училище
b [Ноты]
v Вып. 20
1 210
d 1970 -
464 Аналитический уровень _0
1 2001
a Скерцино из балета "Конек-Горбунок"
1 700 1
a Щедрин
b Р.
1 50010
a Конек-Горбунок
464 Аналитический уровень _0
1 2001
a Прелюдия № 3
1 700 1
a Караев
b К.
464 Аналитический уровень _0
1 2001
a Леший
1 700 1
a Ключарев
b А.
464 Аналитический уровень _0
1 2001
a Концертный экспромт
1 700 1
a Кузнецов
b Е.
464 Аналитический уровень _0
1 2001
a Интермеццо
1 700 1
a Мотов
b Э.
464 Аналитический уровень _0
1 2001
a Листок из альбома
1 700 1
a Чайковский
b П.
464 Аналитический уровень _0
1 2001
a Прялка
e песня без слов
1 700 1
a Мендельсон
b Ф.
464 Аналитический уровень _0
1 2001
a Ой, со вечёра, с полуночи
e рус. нар. песня
1 702 1
a Мулин
b А.
4 030
464 Аналитический уровень _0
1 2001
a За окном черёмуха колышется
e рус. нар. песня
1 702 1
a Канаев
b Н.
4 030
464 Аналитический уровень _0
1 2001
a Ой, лопнув обруч
e укр. нар. песня
1 702 1
a Иванов
b В.
4 030
512 Заглавие обложки 1_
a Заглавие обложки Баян в музыкальном училище
606 Тематические рубрики 0_
a Основная рубрика Баян
x Основная подрубрика Педагогический репертуар музыкальных училищ
x Основная подрубрика Переложения для баяна
x Основная подрубрика Русские народные песни
x Основная подрубрика Украинские народные песни
x Основная подрубрика Отрывки из балетов советских композиторов
610 Ключевые слова 0_
a Ключевые слова баян
610 Ключевые слова 0_
a Ключевые слова отрывки из балетов советских
610 Ключевые слова 0_
a Ключевые слова русские народные песни
610 Ключевые слова 0_
a Ключевые слова украинские народные песни
610 Ключевые слова 0_
a Ключевые слова педагогический репертуар музыкальных училищ
686 Индексы других классификаций __
a Классификационный индекс 85.954.69я43
2 Код системы rubbk
702 Вторичная интеллектуальная ответственность _1
a Фамилия Комиссаров
b Имя (инициалы) Н.
4 Код отношения 220
801 Источник записи _0
a Страна RU
b Организация Ульяновская ОНБ
c Дата составления 20110512
g Правила каталогизации RCR
801 Источник записи _1
a Страна RU
b Организация IS
c Дата составления 20110512
g Правила каталогизации RCR
901 Тип документа __
t Тип документа n
w Контрольный № источника RU/УОНБ/EK_N/358516066
909 Создатель записи __
a Создатель записи Никитина Т. А.
910 Корректоры записи __
a Корректор записи Васина
938 Служебная информация __
a Имя БД noti
b Имя библиотеки УОНБ
c Имя АИБС МАРК-SQL
d Номер DOC_ID в БД 8864